Los albores del derecho internacional en la Universidad de Buenos Aires: la enseñanza de la materia según Antonio Sáenz (Registro nro. 21694)

Detalles MARC
000 -LEADER
fixed length control field 00407 a2200109 4500
001 - CONTROL NUMBER
control field ART_41775
005 - DATE AND TIME OF LATEST TRANSACTION
control field 20260410161814.0
008 - FIXED-LENGTH DATA ELEMENTS--GENERAL INFORMATION
fixed length control field 260409a
100 1# - MAIN ENTRY--PERSONAL NAME
Personal name Padín, Juan Francisco
245 10 - TITLE STATEMENT
Title Los albores del derecho internacional en la Universidad de Buenos Aires: la enseñanza de la materia según Antonio Sáenz
773 0# - HOST ITEM ENTRY
Title Academia
Related parts - Año 14, Nº 27 (ene./jun. 2016)
Record control number REV4314

No hay ítems disponibles.